Top Ten Highest Grossing Films Adjusted for Inflation - Statistics

General Stats
  • This quiz has been taken 97 times
    48 since last reset
  • The average score is 8 of 10
Answer Stats
Hint Answer % Correct
Luke & Leia Star Wars: Episode IV - A New Hope
98%
Ship hits iceberg Titanic
98%
Great white shark Jaws
96%
Phone home E.T. The Extra-Terrestrial
87%
Civil War epic Gone With the Wind
83%
Hi-ho, hi-ho Snow White and the Seven Dwarfs
83%
von Trapp family The Sound of Music
78%
Unobtainium Avatar
76%
Thou shalt nots The Ten Commandments
54%
Lara's Theme Doctor Zhivago
28%
No matching quizzes found
Score Distribution
Percent of People with Each Score
Percentile by Number Answered
Your Score History
You have not taken this quiz since the last reset